Сборник научных трудов (Запись № 2676012)

Подробности
000 -МАРКЕР
контрольное поле 02192nas1a22003011i 4500
001 - ИДЕНТИФИКАТОР ЗАПИСИ
контрольное поле RU\NLR\Per\568955
005 - ИДЕНТИФИКАТОР ВЕРСИИ
контрольное поле 20260407180508.0
035 ## - ДРУГИЕ СИСТЕМНЫЕ НОМЕРА
Идентификатор записи (NLR Aleph) 002811859
100 ## - ДАННЫЕ ОБЩЕЙ ОБРАБОТКИ
Данные общей обработки 20081001b20072008|||y0rusy50 ca
101 0# - ЯЗЫК РЕСУРСА
Язык текста, звукозаписи и т.д. русский
102 ## - СТРАНА ПУБЛИКАЦИИ ИЛИ ПРОИЗВОДСТВА
Страна публикации Российская Федерация
110 ## - ПОЛЕ КОДИРОВАННЫХ ДАННЫХ: ПРОДОЛЖАЮЩИЕСЯ РЕСУРСЫ
Кодированные данные продолжающегося ресурса zu|||||||||
200 1# - ЗАГЛАВИЕ И СВЕДЕНИЯ ОБ ОТВЕТСТВЕННОСТИ
Основное заглавие Сборник научных трудов
Первые сведения об ответственности ООО "Башгеопроект"
210 ## - ПУБЛИКАЦИЯ, РАСПРОСТРАНЕНИЕ И ДР.
Место издания, распространения и т.д. Уфа
Имя издателя, распространителя и т. д. Башгеопроект
Дата издания, распространения и т.д. 2007 - 2008
311 ## - ПРИМЕЧАНИЯ, ОТНОСЯЩИЕСЯ К ПОЛЯМ СВЯЗИ (ПРИМЕЧАНИЯ О СВЯЗИ С ДРУГИМИ ПРОИЗВЕДЕНИЯМИ (ИЗДАНИЯМИ))
Текст примечания Ранее выходил как: "Геопроект", дочернее общество с ограниченной ответственностью (Уфа). [Сборник научных трудов].
311 ## - ПРИМЕЧАНИЯ, ОТНОСЯЩИЕСЯ К ПОЛЯМ СВЯЗИ (ПРИМЕЧАНИЯ О СВЯЗИ С ДРУГИМИ ПРОИЗВЕДЕНИЯМИ (ИЗДАНИЯМИ))
Текст примечания Продолжается как: "Башнефть-Геопроект", общество с ограниченной ответственностью (Уфа). Сборник научных трудов
430 #0 - ПРОДОЛЖЕН
Встроенное поле 2001#$a[Сборник научных трудов].
-- 71002$3RU\NLR\AUTH\8810065649$a"Геопроект", дочернее общество с ограниченной ответственностью$cУфа
Заглавие [Сборник научных трудов].
Автор "Геопроект", дочернее общество с ограниченной ответственностью (Уфа)
440 #0 - ПРОДОЛЖАЕТСЯ ПОД ...
Встроенное поле 2001#$aСборник научных трудов
-- 71002$3RU\NLR\AUTH\8810135993$a"Башнефть-Геопроект", общество с ограниченной ответственностью$cУфа$4070
Заглавие Сборник научных трудов
Автор "Башнефть-Геопроект", общество с ограниченной ответственностью (Уфа)
710 02 - НАИМЕНОВАНИЕ ОРГАНИЗАЦИИ - ПЕРВИЧНАЯ ОТВЕТСТВЕННОСТЬ
Начальный элемент ввода "Башгеопроект", общество с ограниченной ответственностью
Идентифицирующий признак Уфа
Системный номер авторитетной/нормативной записи 729025
Идентификатор авторитетной/нормативной записи RU\NLR\AUTH\8810114856
801 #0 - ИСТОЧНИК ЗАПИСИ
Страна Российская Федерация
Организация NLR
Правила каталогизации PSBO
801 #1 - ИСТОЧНИК ЗАПИСИ
Страна Российская Федерация
Организация NLR
Дата составления 20081001
Источник данных rusmarc
801 #2 - ИСТОЧНИК ЗАПИСИ
Страна Российская Федерация
Организация NLR
Дата составления 20081001
Источник данных rusmarc
852 ## - МЕСТОНАХОЖДЕНИЕ И ШИФР ХРАНЕНИЯ
Идентификатор организации NLR
Шифр хранения (Call Number) П7/284
942 ## - ДОПОЛНИТЕЛЬНЫЕ ЭЛЕМЕНТЫ ЗАПИСИ (АБИС)
Тип экземпляра АБИС Сборник
980 ## - КОЛЛЕКЦИЯ
Название коллекции Русская периодика

Нет доступных экземпляров.